000
00338nam a2200133Ia 4500
008
240624s9999 xx 000 0 und d
041
_a
eng
082
_a
658 KOC
100
_a
KOCH JIM
245
_a
QUENCH YOUR OWN THIRST BUSINESS LESSONS
260
_c
2016
_a
New York
_b
Flatiron Books
300
_a
ix, 259 p.; 23 cm.
365
_c
_b
33
999
_c
32382
_d
32382